000 00393nam a2200145Ia 4500
008 220204s9999 xx 000 0 und d
020 _a1853838268
082 _bBRO
100 _aBrown, Lester R
245 0 _aEco-economy : Building an economy for the earth
260 _aLondon
_bEarth Scan Publications
_c2001
650 _aForest products
650 _aSustainable forestry
942 _cBK
999 _c42200
_d42200